Welfare State Os Grandes Desafios do Estado de Bem-Estar Social /

Detalles Bibliográficos
Autor principal: Godinho Delgado, Mauricio
Otros Autores: Vasconcelos Porto, Lorena
Formato: eBook
Lenguaje:portugués
Publicado: San Pablo: LTR, 2019
Materias:
Acceso en línea:Acceso restringido

MARC

LEADER 00000nam a22000007a 4500
005 2022032506536.0
007 cr|||| ||||
008 220325s2019 br |||||s|||| 00||0 por d
020 |a 978-85-301-0031-5 
035 |a 35990 
040 |a vLex 
090 |c 13091  |d 13091 
100 1 |a Godinho Delgado, Mauricio 
245 1 0 |a Welfare State  |h [Recurso electrn̤ico] :  |b Os Grandes Desafios do Estado de Bem-Estar Social /  |c Mauricio Godinho Delgado, Lorena Vasconcelos Porto 
256 |a Servicio en ln̕ea 
260 |a San Pablo:  |b LTR,  |c 2019 
300 |a 1 recurso electrn̤ico 
506 1 |a Disponible solo en los productos indicados  |d vLex Global  |d vLex Global (Academic Edition, excluding Law Schools)  |d vLex Global (U.S. Academic Edition, Law Schools)  |d vLex Global (U.S. Academic Edition, excluding Law Schools)  |d vLex Global (Academic Edition, Law Schools) 
650 0 4 |a Derecho Pb︢lico y Administrativo  |z Brasil 
700 1 |a Vasconcelos Porto, Lorena 
740 0 |a vLex Libros (Servicio en ln̕ea) 
856 4 0 |u https://app.vlex.com/#/sources/35990  |z Acceso restringido 
942 |c BOOK 
999 0 |a Public and Administrative Law